000 00362nam a2200145Ia 4500
008 150201s2003 xx 000 0 und d
082 _a618.1
_bQ03K
100 _aKHOSHA, ANJU HURIA
245 _aQUICK REVISION IN GYNAECOLOGY
250 _a1ST
260 _bJAYPEE BROTHERS
_aDELHI
_c2003
300 _a1-226
650 _aOBST & GYNAECOLOGY
942 _2ddc
_cBK
_05
999 _c159
_d159